| 000 | 01665cad a2200289 4500 | ||
|---|---|---|---|
| 001 | L158896 | ||
| 008 | 100215n2013 000 0 eng u | ||
| 020 | _a9781783210305 | ||
| 035 | _a(Sirsi) u158896 | ||
| 041 | _aeng | ||
| 100 | 1 | _aAdjei, Solomon | |
| 111 | 2 |
_aConstruction and Building Research Conference _cIIT Delhi, New Delhi _d10-12 September 2013 |
|
| 245 | 0 | 0 |
_aReview of construction and demolition waste management legislation in the UK _h[electronic resource] |
| 260 |
_aLondon _bRICS _c2013 |
||
| 490 | 0 |
_aCOBRA _v2013 |
|
| 520 | _aA paper presented at the COBRA Conference in New Delhi on 10-12 September 2013. Critically reviews UK waste policy changes over the past two decades and examines their implications for the management of construction and demolition (C&D) waste. The main state interventions that have had an impact on the construction industry are the requirement of construction project clients to prepare and implement site waste management plans for their developments as well as the progressively increasing landfill charges. | ||
| 650 | 2 | 4 | _aCONSTRUCTION AND BUILDING RESEARCH CONFERENCE (COBRA) |
| 650 | 2 | 4 | _aWASTE MANAGEMENT STRATEGIES |
| 650 | 2 | 4 | _aDEMOLITION WASTE |
| 650 | 2 | 4 | _aENVIRONMENTAL AND LAND CONSULTANCY-WASTE MANAGEMENT |
| 651 | 4 |
_aUnited Kingdom _y |
|
| 690 |
_aMinerals and waste _96257 |
||
| 700 | 1 | _aNdekugri, Issaka | |
| 700 | 1 | _aAnkrah, Nii | |
| 856 | 4 | 0 |
_uhttps://www.rics.org/Global/REVIEW%20OF%20CONSTRUCTION%20AND%20DEMOLITION%20WASTE%20MANAGEMENT%20LEGISLATION%20IN%20THE%20UK.pdf _zView this item free of charge at www.rics.org _zView this item free of charge at www.rics.org |
| 942 | _n0 | ||
| 999 |
_c115574 _d115574 |
||